000 00540 a2200217 4500
001 111458
020 _a858546674X
041 _apor
090 _aYear 1 028
092 _a99886369
250 _a. ed.
300 _a1 v. (unpaged)
697 _aColors - Juvenile poetry.
697 _aChildren's poetry, Brazilian.
700 _aLalau.
856 _u00001d/00001dc7.jpg
040 _aBR-BrIDEA
_cBR-BrIDEA
245 1 0 _aUma cor, duas cores, todas elas
_cLalau
260 _a[S.l.]
_bCompanhia das Letrinhas
_c1997
942 _cBK
999 _c111458
_d111458